| 000 | 00499nam a2200169Ia 4500 | ||
|---|---|---|---|
| 003 | SGT | ||
| 020 | _a9788122427264 | ||
| 082 |
_a530.41 _bPIL |
||
| 100 | _aPillai,S.O | ||
| 245 | _aSolid state physics | ||
| 250 | _a6th Ed. | ||
| 260 |
_bNew Age International Publication _aNew Delhi _c2010 |
||
| 300 | _a832p. | ||
| 650 | _aENGINEERING PHYSICS | ||
| 653 | _aREVIEW OF ATOMIC STRUCTURE,INTERATOMIC FORCES AND BONDINGS IN SOLIDS,CRYSTAL PHYSICS,ELECTRICAL PROPERTIES OF METALS | ||
| 942 |
_2ddc _cBK _03 |
||
| 999 |
_c5134 _d5134 |
||